| 000 | 00788nam a2200193 i 4500 | ||
|---|---|---|---|
| 001 | 72877 | ||
| 003 | ES-MaACL | ||
| 005 | 20260127062531.0 | ||
| 007 | t| | ||
| 008 | 040903s1916 sp ||||1| spa d | ||
| 100 | 1 |
_aGoicoechea y Cosculluela, Antonio. _957614 |
|
| 245 | 1 | 3 |
_aLa guerra europea y las nuevas orientaciones del Derecho público _b: conferencia pronunciada en la sesión pública de 16 de febrero de 1916 / _cAntonio Goicoechea. |
| 260 |
_aMadrid : _b[s.n., _c1916] ( _fEstablecimiento Tipográfico de Jaime Ratés) |
||
| 300 |
_a32 p. ; _c17 cm. |
||
| 500 | _aPrecede al tít.: Academia Nacional de Jurisprudencia y Legislación. | ||
| 700 |
_aReal Academia de Jurisprudencia y Legislación de España _9217612 |
||
| 852 |
_aES-MaACL _j1863-F-15 |
||
| 999 |
_c72877 _d72877 |
||